Statistics for Afghan Passport Power

Click here to take the quiz!

General Stats

  • This quiz has been taken 16 times
  • The average score is 29 of 66

Answer Stats

Type of EntryAnswer% Correct
eVisaPakistan
86%
eVisaIndia
71%
eVisaDemocratic Republic of the Congo
64%
eVisaKenya
64%
eVisaBotswana
57%
VOABurundi
57%
eVisaEquatorial Guinea
57%
eVisaEthiopia
57%
eVisaGabon
57%
eVisaLesotho
57%
VOA/eVisaMozambique
57%
eVisaOman
57%
VOA/eVisaRwanda
57%
VOASomalia
57%
eVisaSouth Sudan
57%
eVisaTanzania
57%
eVisaZambia
57%
eVisaZimbabwe
57%
eVisaGuinea
50%
VOAGuinea-Bissau
50%
VOA/eVisaMadagascar
50%
eVisaMalawi
50%
VOAMauritania
50%
eVisaNigeria
50%
Tourist RegistrationSeychelles
50%
eVisaSierra Leone
50%
ETASri Lanka
50%
VOA/eVisaTogo
50%
eVisaUganda
50%
eVisaAlbania
43%
VOABangladesh
43%
eVisaBenin
43%
eVisaBhutan
43%
eVisaBurkina Faso
43%
VOA/eVisaCambodia
43%
eVisaCameroon
43%
VOAComoros
43%
eVisaDjibouti
43%
Pre-EnrollmentIvory Coast
43%
eVisaKyrgyzstan
43%
VOAMaldives
43%
eVisaSao Tome and Principe
43%
eVisaUzbekistan
43%
eVisaVietnam
43%
eVisaAntigua and Barbuda
36%
eVisaAustralia
36%
eVisaBahamas
36%
eVisaBahrain
36%
VOACape Verde
36%
Visa FreeHaiti
36%
Visa FreeMicronesia
36%
eVisaSaint Kitts and Nevis
36%
eVisaSuriname
36%
eVisaTajikistan
36%
VOATimor-Leste
36%
VOA/eVisaBolivia
29%
Visa FreeDominica
29%
eVisaMalaysia
29%
eVisaSingapore
29%
eVisaEcuador
21%
eVisaGeorgia
21%
VOAPalau
21%
VOASamoa
21%
VOATuvalu
21%
eVisaColombia
14%
eVisaMoldova
14%

Score Distribution

Percentile by Number Answered

Percent of People with Each Score

Your Score History

You have not taken this quiz